<?xml version="1.0" encoding="UTF-8"?>
<record
    xmlns:xsi="http://www.w3.org/2001/XMLSchema-instance"
    xsi:schemaLocation="http://www.loc.gov/MARC21/slim http://www.loc.gov/standards/marcxml/schema/MARC21slim.xsd"
    xmlns="http://www.loc.gov/MARC21/slim">

  <leader>00451nam a22001817a 4500</leader>
  <controlfield tag="005">20240418103252.0</controlfield>
  <controlfield tag="008">240418b        |||||||| |||| 00| 0 eng d</controlfield>
  <datafield tag="020" ind1=" " ind2=" ">
    <subfield code="a">9789380676371</subfield>
  </datafield>
  <datafield tag="041" ind1=" " ind2=" ">
    <subfield code="a">Hindi</subfield>
  </datafield>
  <datafield tag="082" ind1=" " ind2=" ">
    <subfield code="a">891.46</subfield>
    <subfield code="b">YOG</subfield>
  </datafield>
  <datafield tag="100" ind1=" " ind2=" ">
    <subfield code="a">Yoganand Parmhans</subfield>
    <subfield code="9">206252</subfield>
  </datafield>
  <datafield tag="245" ind1=" " ind2=" ">
    <subfield code="a">Yogi Kathamrut</subfield>
  </datafield>
  <datafield tag="260" ind1=" " ind2=" ">
    <subfield code="a">India</subfield>
    <subfield code="b">Yogada Satsanga Society of India</subfield>
    <subfield code="c">2014</subfield>
  </datafield>
  <datafield tag="300" ind1=" " ind2=" ">
    <subfield code="a">716</subfield>
  </datafield>
  <datafield tag="365" ind1=" " ind2=" ">
    <subfield code="b">150.00</subfield>
    <subfield code="c">Rs.00</subfield>
  </datafield>
  <datafield tag="650" ind1=" " ind2=" ">
    <subfield code="a">Non Fiction</subfield>
  </datafield>
  <datafield tag="942" ind1=" " ind2=" ">
    <subfield code="c">DB</subfield>
  </datafield>
  <datafield tag="999" ind1=" " ind2=" ">
    <subfield code="c">357752</subfield>
    <subfield code="d">357752</subfield>
  </datafield>
  <datafield tag="952" ind1=" " ind2=" ">
    <subfield code="0">0</subfield>
    <subfield code="1">0</subfield>
    <subfield code="2">ddc</subfield>
    <subfield code="4">0</subfield>
    <subfield code="7">0</subfield>
    <subfield code="a">SOFT</subfield>
    <subfield code="b">SOFT</subfield>
    <subfield code="d">2024-04-18</subfield>
    <subfield code="g">150.00</subfield>
    <subfield code="o">891.43 YOG</subfield>
    <subfield code="p">SOFT-BK-D34</subfield>
    <subfield code="r">2024-04-18 00:00:00</subfield>
    <subfield code="t">0.00</subfield>
    <subfield code="v">150.00</subfield>
    <subfield code="w">2024-04-18</subfield>
    <subfield code="y">DB</subfield>
    <subfield code="z">D34</subfield>
  </datafield>
</record>
